Logo BPK

Bibliografia Prac Pracowników

Politechniki Koszalińskiej

Analiza wymiany ciepła do powietrza w pionowej szczelinie o zmiennej szerokości / (Rekord nr 8324)

Szczegóły MARC
000 -ETYKIETA REKORDU
podpole kontrolne o stałej długości 00818naa a22002057i 4500
003 - IDENTYFIKATOR NUMERU KONTROLNEGO REKORDU
podpole kontrolne KOSZ 005
005 - DATA OSTATNIEJ MODYFIKACJI REKORDU
podpole kontrolne 20180129102112.0
008 - POLE O STAŁEJ DŁUGOŚCI - DANE KONTROLNE
podpole kontrolne o stałej długości 160308s2002 pl ||||| ||||1|| 0 pol
035 ## - NUMER SYSTEMOWY
Numer systemowy przejętego rekordu PBN-R:248948
040 ## - ŹRÓDŁO KATALOGOWANIA
Instytucja, która utworzyła rekord KOSZ 005/md
Instytucja, która sporządziła opis PBN-ID
041 0# - KOD JĘZYKA
Kod języka tekstu pol
080 ## - UNIWERSALNA KLASYFIKACJA DZIESIĘTNA - UKD
UKD 536.7
100 ## - NAZWA OSOBOWA
Nazwa osobowa DUTKOWSKI, Krzysztof.
Lata pracy 1996 - .
Instytucja Politechnika Koszalińska - Wydział Mechaniczny,
Wydział Katedra Techniki Cieplnej i Chłodnictwa
245 10 - TYTUŁ/ODPOWIEDZIALNOŚĆ
Tytuł Analiza wymiany ciepła do powietrza w pionowej szczelinie o zmiennej szerokości /
Pozostałe elementy strefy tytułu i oznaczenia odpowiedzialności Krzysztof Dutkowski.
260 ## - STREFA ADRESU WYDAWNICZEGO
Data publikacji, dystrybucji/powstania dokumentu 2002.
655 #0 - TERMIN INDEKSOWY - OKREŚLENIE RODZAJU/FORMY DOKUMENTU
Określnie rodzaju/formy dokumentu Materiały konferencyjne.
773 08 - TYTUŁ DOKUMENTU MACIERZYSTEGO
Wyrażenie wprowadzające W :
Tytuł Materiały konferencyjne XVIII Zjazdu Termodynamików. -
Adres wydawniczy Muszyna : 2002. -
Strefa serii Konferencje; z. 22
711 ## - HASŁO DODATKOWE - NAZWA IMPREZY
Nazwa imprezy Zjazd Termodynamików
Oznaczenie części/sekcji dzieła (18 ;
Data imprezy 2002 ;
Miejsce imprezy Muszyna, Polska).
942 ## - HASŁO DODATKOWE - ELEMENTY(KOHA)
Typ dokumentu Rozdział
Schemat klasyfikacji Uniwersalna klasyfikacja dziesiętna

Brak dostępnych egzemplarzy.

© 2014 Biblioteka Politechniki Koszalińskiej :: BIBLIOGRAFIA PRAC PRACOWNIKÓW